Statistics for MLS Soccer Team Logos - Eastern Conference

Click here to take the quiz!

General Stats

  • This quiz has been taken 32 times
  • The average score is 11 of 15

Answer Stats

Answer% Correct
New York City FC
100%
New York Red Bulls
100%
Inter Miami CF
96%
Atlanta United
89%
Orlando City
79%
Chicago Fire FC
75%
Philadelphia Union
71%
Toronto FC
71%
Nashville SC
68%
Charlotte FC
61%
Columbus Crew
61%
D.C. United
61%
FC Cincinnati
61%
CF Montréal
57%
New England Revolution
57%

Score Distribution

Percentile by Number Answered

Percent of People with Each Score

Your Score History

You have not taken this quiz